<?xml version="1.0" encoding="UTF-8"?>
<record
    xmlns:xsi="http://www.w3.org/2001/XMLSchema-instance"
    xsi:schemaLocation="http://www.loc.gov/MARC21/slim http://www.loc.gov/standards/marcxml/schema/MARC21slim.xsd"
    xmlns="http://www.loc.gov/MARC21/slim">

  <leader>03531cam a2200613 i 4500</leader>
  <controlfield tag="001">0008033259</controlfield>
  <controlfield tag="003">OSt</controlfield>
  <controlfield tag="005">20260611204234.0</controlfield>
  <controlfield tag="008">250617s2025    quc      b    000 i fre  </controlfield>
  <datafield tag="020" ind1=" " ind2=" ">
    <subfield code="a">9782925059448</subfield>
  </datafield>
  <datafield tag="040" ind1=" " ind2=" ">
    <subfield code="a">QMBN</subfield>
    <subfield code="b">fre</subfield>
    <subfield code="e">rda</subfield>
    <subfield code="c">QMBN</subfield>
    <subfield code="d">QMBND</subfield>
  </datafield>
  <datafield tag="043" ind1=" " ind2=" ">
    <subfield code="a">n-cn-qu</subfield>
  </datafield>
  <datafield tag="050" ind1=" " ind2="4">
    <subfield code="a">PS9603*</subfield>
  </datafield>
  <datafield tag="082" ind1="0" ind2="4">
    <subfield code="a">928.1 B233a</subfield>
    <subfield code="b">B233a</subfield>
    <subfield code="2">23/fre/202510</subfield>
    <subfield code="m">b</subfield>
  </datafield>
  <datafield tag="082" ind1="0" ind2="4">
    <subfield code="a">843/.92</subfield>
    <subfield code="b">B233a</subfield>
    <subfield code="2">23/fre/202510</subfield>
  </datafield>
  <datafield tag="082" ind1="0" ind2="4">
    <subfield code="a">C843/.92</subfield>
    <subfield code="b">B233a</subfield>
    <subfield code="2">23/fre/202510</subfield>
    <subfield code="m">b</subfield>
  </datafield>
  <datafield tag="082" ind1="0" ind2="5">
    <subfield code="a">843.92</subfield>
    <subfield code="b">B233a</subfield>
    <subfield code="2">23/fre/202510</subfield>
  </datafield>
  <datafield tag="084" ind1=" " ind2=" ">
    <subfield code="a">C848/.92</subfield>
    <subfield code="b">B233a</subfield>
    <subfield code="2">z</subfield>
  </datafield>
  <datafield tag="091" ind1="0" ind2=" ">
    <subfield code="a">843.92</subfield>
  </datafield>
  <datafield tag="245" ind1="0" ind2="0">
    <subfield code="a">Architectures de la joie /</subfield>
    <subfield code="c">Ana&#xEF;s Barbeau-Lavalette, Steve Gagnon</subfield>
  </datafield>
  <datafield tag="264" ind1=" " ind2="1">
    <subfield code="a">Montr&#xE9;al (Qu&#xE9;bec) Canada :</subfield>
    <subfield code="b">&#xC9;ditions Marchand de feuilles,</subfield>
    <subfield code="c">[2025]</subfield>
  </datafield>
  <datafield tag="300" ind1=" " ind2=" ">
    <subfield code="a">436 pages, 12 pages non num&#xE9;rot&#xE9;e ;</subfield>
    <subfield code="c">21 cm</subfield>
  </datafield>
  <datafield tag="336" ind1=" " ind2=" ">
    <subfield code="a">texte</subfield>
    <subfield code="b">txt</subfield>
    <subfield code="2">rdacontent</subfield>
  </datafield>
  <datafield tag="337" ind1=" " ind2=" ">
    <subfield code="a">sans m&#xE9;diation</subfield>
    <subfield code="b">n</subfield>
    <subfield code="2">rdamedia</subfield>
  </datafield>
  <datafield tag="338" ind1=" " ind2=" ">
    <subfield code="a">volume</subfield>
    <subfield code="b">nc</subfield>
    <subfield code="2">rdacarrier</subfield>
  </datafield>
  <datafield tag="500" ind1=" " ind2=" ">
    <subfield code="a">Correspondance</subfield>
  </datafield>
  <datafield tag="504" ind1=" " ind2=" ">
    <subfield code="a">Comprend des r&#xE9;f&#xE9;rences bibliographiques (pages 444-445)</subfield>
  </datafield>
  <datafield tag="600" ind1="1" ind2="6">
    <subfield code="a">Barbeau-Lavalette, Ana&#xEF;s,</subfield>
    <subfield code="d">1979-</subfield>
    <subfield code="v">Correspondance</subfield>
  </datafield>
  <datafield tag="600" ind1="1" ind2="6">
    <subfield code="a">Gagnon, Steve,</subfield>
    <subfield code="d">1985-</subfield>
    <subfield code="v">Correspondance</subfield>
  </datafield>
  <datafield tag="650" ind1=" " ind2="6">
    <subfield code="a">&#xEF;&#xBF;&#xBD;crivains qu&#xEF;&#xBF;&#xBD;b&#xEF;&#xBF;&#xBD;cois</subfield>
    <subfield code="y">21e si&#xEF;&#xBF;&#xBD;cle</subfield>
    <subfield code="v">Correspondance</subfield>
  </datafield>
  <datafield tag="650" ind1=" " ind2="6">
    <subfield code="a">Joie</subfield>
  </datafield>
  <datafield tag="655" ind1=" " ind2="7">
    <subfield code="a">Correspondance priv&#xEF;&#xBF;&#xBD;e</subfield>
    <subfield code="2">rvmgf</subfield>
  </datafield>
  <datafield tag="700" ind1="1" ind2=" ">
    <subfield code="a">Barbeau-Lavalette, Ana&#xEF;s,</subfield>
    <subfield code="d">1979-</subfield>
    <subfield code="e">auteur</subfield>
  </datafield>
  <datafield tag="700" ind1="1" ind2=" ">
    <subfield code="a">Gagnon, Steve,</subfield>
    <subfield code="d">1985-</subfield>
    <subfield code="e">auteur</subfield>
  </datafield>
  <datafield tag="942" ind1=" " ind2=" ">
    <subfield code="2">ddc</subfield>
    <subfield code="c">DOC ADULTE</subfield>
  </datafield>
  <datafield tag="999" ind1=" " ind2=" ">
    <subfield code="c">18900</subfield>
    <subfield code="d">18900</subfield>
  </datafield>
  <datafield tag="952" ind1=" " ind2=" ">
    <subfield code="0">0</subfield>
    <subfield code="1">0</subfield>
    <subfield code="2">ddc</subfield>
    <subfield code="4">0</subfield>
    <subfield code="7">0</subfield>
    <subfield code="a">HENRYVILLE</subfield>
    <subfield code="b">HENRYVILLE</subfield>
    <subfield code="d">2026-06-11</subfield>
    <subfield code="l">0</subfield>
    <subfield code="o">928.1 B233a</subfield>
    <subfield code="p">30001030039202</subfield>
    <subfield code="r">2026-06-11 20:43:00</subfield>
    <subfield code="w">2026-06-11</subfield>
    <subfield code="y">DOC ADULTE</subfield>
  </datafield>
</record>
